My life and rugby : (Record no. 1535)

MARC details
000 -LEADER
fixed length control field 02892nam a22004337a 4500
001 - CONTROL NUMBER
control field 21482361
005 - DATE AND TIME OF LATEST TRANSACTION
control field 20241218100944.0
008 - FIXED-LENGTH DATA ELEMENTS--GENERAL INFORMATION
fixed length control field 241218b |||||||| |||| 00| 0 eng d
010 ## - LIBRARY OF CONGRESS CONTROL NUMBER
LC control number 2019452915
016 7# - NATIONAL BIBLIOGRAPHIC AGENCY CONTROL NUMBER
Record control number 019531166
Source Uk
020 ## - INTERNATIONAL STANDARD BOOK NUMBER
International Standard Book Number 9781509850709
Qualifying information hardcover
020 ## - INTERNATIONAL STANDARD BOOK NUMBER
International Standard Book Number 1509850708
Qualifying information hardcover
020 ## - INTERNATIONAL STANDARD BOOK NUMBER
International Standard Book Number 9781509850723
Qualifying information paperback
020 ## - INTERNATIONAL STANDARD BOOK NUMBER
International Standard Book Number 1509850724
Qualifying information paperback
035 ## - SYSTEM CONTROL NUMBER
System control number (OCoLC)on1120198584
040 ## - CATALOGING SOURCE
Original cataloging agency UKMGB
Language of cataloging eng
Transcribing agency KMU
Description conventions rda
Modifying agency KMU
042 ## - AUTHENTICATION CODE
Authentication code lccopycat
043 ## - GEOGRAPHIC AREA CODE
Geographic area code u-at---
-- e-uk-en
050 00 - LIBRARY OF CONGRESS CALL NUMBER
Classification number GV 944.9.J648
100 1# - MAIN ENTRY--PERSONAL NAME
Personal name Jones, Eddie,
Dates associated with a name 1960-
Relator term author.
245 10 - TITLE STATEMENT
Title My life and rugby :
Remainder of title the autobiography /
Statement of responsibility, etc. Eddie Jones with Donald McRae.
264 #1 - PRODUCTION, PUBLICATION, DISTRIBUTION, MANUFACTURE, AND COPYRIGHT NOTICE
Place of production, publication, distribution, manufacture London :
Name of producer, publisher, distributor, manufacturer Macmillan,
Date of production, publication, distribution, manufacture, or copyright notice 2019.
300 ## - PHYSICAL DESCRIPTION
Extent 439 pages, 16 unnumbered pages of plates :
Other physical details illustrations (some color) ;
Dimensions 25 cm
336 ## - CONTENT TYPE
Content type term text
Content type code txt
Source rdacontent
337 ## - MEDIA TYPE
Media type term unmediated
Media type code n
Source rdamedia
338 ## - CARRIER TYPE
Carrier type term volume
Carrier type code nc
Source rdacarrier
500 ## - GENERAL NOTE
General note Includes index.
505 0# - FORMATTED CONTENTS NOTE
Formatted contents note Prologue: This is why we do it -- Freedom -- The Randwick way -- Learning from heartbreak -- The first steps of coaching -- A new way with the Brumbies -- Learning curve -- Green and gold -- Glory and pain -- Rock bottom -- The shaping of South Africa -- The making of Japan -- Life-changing moments -- The next adventure and a grand Slam -- A winning streak -- Rebooting England -- Blueprints and lessons -- Riding the rollercoaster -- The final -- Acknowledgements -- Picture acknowledgements.
520 ## - SUMMARY, ETC.
Summary, etc. Eddie Jones is one of the most experienced and decorated coaches in world rugby. He career has spanned four World Cups; from losing to England in the 100th minute in 2003, working with South Africa when they won in 2007, and causing the greatest upset in 2015 when he masterminded the Japanese defeat of South Africa. Since taking over as head coach of England in 2015 Eddie Jones has masterminded a complete revival of the national team. He has won the Six Nations Championship back-to-back, including England's first grand slam in a generation, their first ever whitewash of Australia, as well as taking them on their longest ever winning streak. In his explosive autobiography Jones shows how his fiercely competitive attitude, his love of coaching and his philosophy of the game were formed while growing up in a tough working-class suburb of Sydney as a small half-Japanese kid, playing schoolboy rugby alongside the legendary Ella brothers.
600 10 - SUBJECT ADDED ENTRY--PERSONAL NAME
Personal name Jones, Eddie,
Dates associated with a name 1960-
650 #0 - SUBJECT ADDED ENTRY--TOPICAL TERM
Topical term or geographic name entry element Rugby football coaches
Geographic subdivision Australia
Form subdivision Biography.
650 #0 - SUBJECT ADDED ENTRY--TOPICAL TERM
Topical term or geographic name entry element Rugby football coaches
Geographic subdivision England
Form subdivision Biography.
650 #0 - SUBJECT ADDED ENTRY--TOPICAL TERM
Topical term or geographic name entry element Rugby Union football
Geographic subdivision England.
700 1# - ADDED ENTRY--PERSONAL NAME
Personal name McRae, Donald,
Dates associated with a name 1961-
Relator term author.
906 ## - LOCAL DATA ELEMENT F, LDF (RLIN)
a 7
b cbc
c copycat
d 3
e ncip
f 20
g y-gencatlg
942 ## - ADDED ENTRY ELEMENTS (KOHA)
Source of classification or shelving scheme Library of Congress Classification
Koha item type Non-Fiction
Suppress in OPAC No
Holdings
Withdrawn status Lost status Source of classification or shelving scheme Damaged status Not for loan Collection Home library Current library Shelving location Date acquired Total Checkouts Full call number Barcode Date last seen Price effective from Koha item type
    Library of Congress Classification     Non-fiction Kapasa Makasa University Kapasa Makasa University Open Access 18.12.2024   GV 944.9.J648 Jon 300907 18.12.2024 18.12.2024 Non-Fiction
    Library of Congress Classification     Non-fiction Kapasa Makasa University Kapasa Makasa University Open Access 18.12.2024   GV 944.9.J648 Jon 300906 18.12.2024 18.12.2024 Non-Fiction